<?xml version="1.0" encoding="UTF-8"?>
<record
    xmlns:xsi="http://www.w3.org/2001/XMLSchema-instance"
    xsi:schemaLocation="http://www.loc.gov/MARC21/slim http://www.loc.gov/standards/marcxml/schema/MARC21slim.xsd"
    xmlns="http://www.loc.gov/MARC21/slim">

  <leader>01342nam a22002175i 4500</leader>
  <controlfield tag="001">155258</controlfield>
  <controlfield tag="003">ES-MaACL</controlfield>
  <controlfield tag="005">20250806064055.0</controlfield>
  <controlfield tag="008">030121s1876    sp a         |||| | spa d</controlfield>
  <datafield tag="040" ind1=" " ind2=" ">
    <subfield code="a">CCPB | B </subfield>
    <subfield code="b">spa </subfield>
    <subfield code="c">CCPB | B</subfield>
  </datafield>
  <datafield tag="100" ind1="1" ind2=" ">
    <subfield code="a">H&#xE9;raud, A.</subfield>
    <subfield code="9">128120</subfield>
  </datafield>
  <datafield tag="245" ind1="1" ind2="0">
    <subfield code="a">Nuevo diccionario de las plantas medicinales estudiadas bajo el punto de vista bot&#xE1;nico, m&#xE9;dico y farmac&#xE9;utico </subfield>
    <subfield code="b">: descripcion, localidades, cultivo, recoleccion, conservacion, parte usada, composicion qu&#xED;mica, formas farmac&#xE9;uticas y d&#xF3;sis, accion fisiol&#xF3;gica, usos en el tratamiento de las enfermedades, clave dicot&#xF3;mica para el reconocimiento del las familias de plantas, cuadros de las propiedades m&#xE9;dicas y memorial terap&#xE9;utico / </subfield>
    <subfield code="c">por A. H&#xE9;raud ; traducido y adicionado con los nombres vulgares espa&#xF1;oles de las plantas medicinales que se encuentran en Espa&#xF1;a por J.G. Hidalgo.</subfield>
  </datafield>
  <datafield tag="260" ind1=" " ind2=" ">
    <subfield code="a">Madrid : </subfield>
    <subfield code="b">Moya y Plaza, libreros editores ; </subfield>
    <subfield code="a">Paris : </subfield>
    <subfield code="b">J. B. Bailliere &#xE9; Hijos, </subfield>
    <subfield code="c">1876 (</subfield>
    <subfield code="f">establecimiento tipogr&#xE1;fico de R. Labajos)</subfield>
  </datafield>
  <datafield tag="300" ind1=" " ind2=" ">
    <subfield code="a">LXXVIII, 537 p. : </subfield>
    <subfield code="b">il. ; </subfield>
    <subfield code="c">22 cm.</subfield>
  </datafield>
  <datafield tag="650" ind1=" " ind2="7">
    <subfield code="a">Plantas medicinales</subfield>
    <subfield code="2">embne</subfield>
    <subfield code="9">16118</subfield>
  </datafield>
  <datafield tag="700" ind1="1" ind2="1">
    <subfield code="a">Hidalgo, J.G., </subfield>
    <subfield code="e">ed. lit.</subfield>
    <subfield code="9">127973</subfield>
  </datafield>
  <datafield tag="752" ind1=" " ind2=" ">
    <subfield code="a">Espa&#xF1;a - </subfield>
    <subfield code="d">Madrid</subfield>
  </datafield>
  <datafield tag="752" ind1=" " ind2=" ">
    <subfield code="a">Francia - </subfield>
    <subfield code="d">Par&#xED;s</subfield>
  </datafield>
  <datafield tag="852" ind1=" " ind2=" ">
    <subfield code="a">ES-MaACL</subfield>
    <subfield code="j">A-3143 </subfield>
    <subfield code="z">-- R&#xFA;st., falto de la cub. ant.</subfield>
  </datafield>
  <datafield tag="999" ind1=" " ind2=" ">
    <subfield code="c">155258</subfield>
    <subfield code="d">155258</subfield>
  </datafield>
  <datafield tag="952" ind1=" " ind2=" ">
    <subfield code="0">0</subfield>
    <subfield code="1">0</subfield>
    <subfield code="4">0</subfield>
    <subfield code="7">0</subfield>
    <subfield code="8">Colecci&#xF3;n_de_referencia </subfield>
    <subfield code="a">ATENEOM</subfield>
    <subfield code="b">ATENEOM</subfield>
    <subfield code="c">SPP1</subfield>
    <subfield code="d">2008-01-17</subfield>
    <subfield code="e">SSC</subfield>
    <subfield code="l">0</subfield>
    <subfield code="o">A-3143</subfield>
    <subfield code="p">1162407</subfield>
    <subfield code="r">2023-02-23 00:00:00</subfield>
    <subfield code="w">2023-02-23</subfield>
    <subfield code="y">MONANT</subfield>
  </datafield>
</record>
